Vybrané aspekty medzinárodnej regulácie bankového sektora
Aspekty medzinárodnej regulácie bankového sektora v kontexte globalizácie a integrácie dnešného ekonomického prostredia. Regulácia môže byť založená na princípe dobrovoľnosti a rešpektovaní odporúčaní, ako je tomu v prípade dohody BASEL II, alebo môže byť založená na aplikácii právne záväzných norie...
Salvato in:
| Autore principale: | |
|---|---|
| Natura: | Capitolo di libro |
| Lingua: | slovacco |
| Soggetti: | |
| Tags: |
Nessun Tag, puoi essere il primo ad aggiungerne!!
|
MARC
| LEADER | 00000nla$a2200000$$$4500 | ||
|---|---|---|---|
| 001 | 0105482 | ||
| 005 | 20240502072151.6 | ||
| 041 | 0 | |a slo | |
| 044 | |a SK | ||
| 245 | 1 | 0 | |a Vybrané aspekty medzinárodnej regulácie bankového sektora |c Peter Korduliak |
| 520 | |a Aspekty medzinárodnej regulácie bankového sektora v kontexte globalizácie a integrácie dnešného ekonomického prostredia. Regulácia môže byť založená na princípe dobrovoľnosti a rešpektovaní odporúčaní, ako je tomu v prípade dohody BASEL II, alebo môže byť založená na aplikácii právne záväzných noriem, akou je napr. smernica Európskej únie MIFID. Súčasná vrcholiaca ekonomická a finančná kríza ukazujú, že regulácia bankového sektora je potrebná a pre budúci zdravý vývoj bankovníctva vo svete priam nevyhnutná. Dohody BASEL II či MIFID pozitívnemu vývoju sveta bankovníctva môžu napomôcť, ale až rast finančnej gramotnosti ľudí a zodpovednosti manažérov budú skutočnými krokmi vpred. | ||
| 610 | 2 | 0 | |a bankovníctvo |
| 610 | 2 | 0 | |a banky |
| 610 | 2 | 0 | |a trh finančný |
| 610 | 2 | 0 | |a regulácia |
| 610 | 2 | 0 | |a legislatíva |
| 100 | 1 | |a Korduliak, Peter | |